000 00791nam a2200241Ia 4500
003 OSt
005 20210423095649.0
008 210310s1968 fr gr 000 0 fre d
040 _aCO-JMCR
_cCO-JMCR
041 0 _afre
082 0 4 _a336.00406 /
_bF123c
_223
100 1 _aFabre, Francis-J.,
_915277
_eautor
245 1 3 _aLe controle des finances publiques /
_cFrancis-J. Fabre
260 _aParis :
_bPresses Universitaires de France,
_c1968
300 _b204 páginas ;
_c18 cm.
490 0 _aL´Economiste
500 _aIncluye notas a pie de página.
504 _aBibliografía: página [201]
505 0 _aObjet du controle -- Organismes et techniques du controle
650 1 4 _aControl fiscal
_915279
_zFrancia
650 1 4 _aFinanzas públicas
_zFrancia
_936941
942 _2ddc
_cBK
999 _c7727
_d7727